000 00814nam a2200265 i 4500
001 000020562
003 DO-SdBNP
005 20241125131338.0
008 091019s1968 dr 000 0 spa d
040 _aDO-SdBNP
_bspa
_cBNPHU
_erda
041 _hspa
049 _aBNPD
082 4 _axxx
_bxxx
_222
100 _aOscar, Armando,
_eautor
_4aut.
_924269
245 1 3 _aLa casa de los ojos blancos :
_bsegunda replica al existencialismo de sastre /
_cArmando Oscar
264 4 _aSanto Domingo :
_bEdiciones Paladion,
_c1968.
300 _a164 páginas ;
_c21 cm.
336 _atexto
_btxt
_2rdacontent
337 _asin mediación
_bn
_2rdamedia
338 _avolumen
_bnc
_2rdacarrier
500 _aComedia dramática en tres actos
590 _aInventariado, 2024/BT
910 _aBtavárez
942 _2ddc
_cLBS1
999 _c20066
_d20066